[Event "Prague Festival Challengers 2019"]
[Site "Prague"]
[Date "2019.03.13"]
[Round "8"]
[White "Paravyan, David"]
[Black "Guijarro, David Anton"]
[Result "0-1"]
[WhiteElo "2627"]
[BlackElo "2643"]
[Annotator "TA"]
[PlyCount "82"]
[EventDate "2019.03.06"]
[EventType "tourn"]
[EventCountry "CZE"]
[SourceTitle "playchess.com"]
[Source "ChessBase"]
[SourceQuality "1"]

{[%evp 9,82,20,6,-16,-2,-11,-14,-25,-9,-39,-29,-45,-40,-47,-54,-58,-42,-65,-77,-77,-60,-69,-77,-63,-69,-74,-55,-101,-101,-108,-109,-117,-114,-138,-65,-102,-71,-83,-91,-150,-87,-150,-100,-99,-111,-95,-138,-93,-94,-103,-94,-171,-170,-189,-177,-192,-201,-208,-177,-172,-173,-193,-168,-324,-318,-404,-365,-411,-410,-408,-407,-446,-439,-680,-674]} 1. d4 Nf6 2. Bg5 c5 3. d5 d6 4. Nc3 h6 5. Bd2 b5 6. Nxb5 {A45: Trompowsky Attack} Nxd5 7. e4 $146 ({Predecessor:} 7. Nc3 Nb6 8. e4 g6 9. Nf3 Bg7 10. a4 O-O 11. a5 N6d7 {0-1 (32) Irgaliyev,A (2175)-Xiong,J (2672) chess.com INT 2019}) 7... Nb6 $1 8. a4 {The position is equal.} a6 9. Nc3 Nc6 10. f4 e6 11. Nf3 Be7 12. Bd3 O-O 13. a5 Nd7 $1 14. Ne2 d5 15. b3 dxe4 16. Bxe4 Bb7 17. O-O Nf6 18. Bd3 Nb4 19. Bc4 Ne4 20. Be1 Bf6 21. c3 Nc6 (21... Nd5 $17 {Threatens to win with ...Ne3.} 22. Qc1 Qd6) 22. Qc2 Nxa5 23. Bd3 Nd6 $1 ({And not} 23... Nxb3 24. Rb1 $16) 24. Ne5 {[#]} (24. Qa2 $142 Nc6 25. Bf2) 24... Qc7 ({Black should play} 24... c4 $1 {[%cal Rc4d3][%mdl 512]} 25. Nxc4 (25. bxc4 Bxe5) 25... Naxc4 26. bxc4 Qc7) 25. Ng4 (25. c4 $142 Nc6 26. Bc3) 25... Be7 26. c4 {[#]} Nc6 $1 27. Bc3 f5 28. Ne5 Bf6 29. Rae1 Rad8 ({Don't blunder} 29... Nxe5 $2 30. fxe5 Bg5 31. exd6 $18) 30. Ng3 {[#]} (30. Nxc6 $17 Qxc6 31. Rf2) 30... Nb4 $1 $19 {[%cal Rb4c2]} 31. Bxb4 cxb4 32. c5 Nb5 {[%cal Bd6b5,Bb5d4,Bd4e2][%mdl 32] Strongly threatening ...Na3.} 33. Qc4 Bxe5 34. Rxe5 Kh8 35. Be2 Nd4 $40 {[%mdl 128] Black attacks with force.} 36. Re3 $2 (36. Rc1) 36... a5 37. Rf2 Nxe2+ 38. Rexe2 Bd5 39. Qc2 Rc8 40. Qb2 Qxc5 41. Rc2 (41. Nf1 $142) 41... Qe3 {Accuracy: White = 32%, Black = 74%.} 0-1

[Event "Prague Festival Challengers 2019"]
[Site "Prague"]
[Date "2019.03.13"]
[Round "8"]
[White "Ju, Wenjun"]
[Black "Stocek, Jiri"]
[Result "1-0"]
[WhiteElo "2580"]
[BlackElo "2592"]
[Annotator "TA"]
[PlyCount "77"]
[EventDate "2019.03.06"]
[EventType "tourn"]
[EventCountry "CZE"]
[SourceTitle "playchess.com"]
[Source "ChessBase"]
[SourceQuality "1"]

{[%evp 12,77,16,14,7,6,13,10,11,4,42,47,56,41,59,41,52,45,44,39,66,56,60,34,38,34,35,37,37,37,44,44,48,37,65,55,79,92,207,147,147,152,216,181,183,175,254,267,304,292,378,382,372,369,486,479,486,485,485,462,447,469,593,577,597,572,659,607]} 1. e4 c5 2. Nf3 d6 3. Bb5+ Bd7 4. Bxd7+ Nxd7 5. O-O Ngf6 6. Qe2 e6 7. c3 Rc8 {B52: Sicilian: Moscow Variation with 3...Bd7} 8. d4 cxd4 9. cxd4 d5 {The position is equal.} 10. e5 Ne4 11. Be3 Be7 (11... Nb6 12. Ne1 f5 13. f3 Ng5 14. b3 Nf7 {½-½ (30) Mamedov,R (2680)-Ivanchuk,V (2729) Kocaeli 2017}) 12. Ne1 {Threatens to win with f3.} f5 13. f3 Ng5 14. Nd3 O-O 15. Nc3 Qb6 {[#]} 16. Rfc1 $146 ({Predecessor:} 16. Rac1 Qa6 17. Rc2 Rc6 18. Rfc1 Rfc8 19. Qd2 {1-0 (48) Guliyev,N (2549)-Gerber,R (2400) Geneve 2011}) 16... Nf7 17. Rc2 Rc6 18. Na4 Qa6 19. Rxc6 Qxc6 20. b3 Ba3 21. Bc1 Be7 22. Bd2 b5 23. Rc1 {[%cal Ba1c1,Bc1c5,Bc5b5][%mdl 32]} Qa6 24. Nf4 Nb8 (24... Bg5 $16) 25. Nc5 Bxc5 26. Rxc5 Nd8 (26... Nd7 $16) 27. Rxb5 Nbc6 28. Be3 $36 {[%mdl 2048] Keeping Black busy.} g5 {[#]} (28... h6 $142 29. a4 Rf7) 29. Nh5 $1 $18 f4 30. Bf2 Rf7 31. Nf6+ Kh8 32. a4 Ne7 33. Qc2 {White is clearly winning.} Ndc6 34. h4 gxh4 35. Bxh4 Nf5 36. Bf2 Rf8 37. Qd2 Qc8 38. Qxf4 Qc7 39. Qd2 {Accuracy: White = 88%, Black = 37%.} 1-0

[Event "Prague Festival Challengers 2019"]
[Site "Prague"]
[Date "2019.03.13"]
[Round "8"]
[White "Nguyen, Thai Dai Van"]
[Black "Bartel, Mateusz"]
[Result "1/2-1/2"]
[WhiteElo "2546"]
[BlackElo "2600"]
[Annotator "TA"]
[PlyCount "78"]
[EventDate "2019.03.06"]
[EventType "tourn"]
[EventCountry "CZE"]
[SourceTitle "playchess.com"]
[Source "ChessBase"]
[SourceQuality "1"]

{[%evp 14,78,42,60,46,13,34,20,35,35,52,55,56,38,60,29,37,22,33,33,35,42,43,36,54,43,114,0,4,10,7,17,5,-4,-20,-16,-14,-14,-25,-13,-20,-12,0,0,-4,-7,0,0,0,0,0,0,0,0,0,0,0,0,0,0,0,0,0,0,0,0,0]} 1. e4 Nf6 2. e5 Nd5 3. d4 d6 4. Nf3 Bf5 5. Be2 e6 6. O-O Be7 7. c4 Nb6 8. Nc3 O-O {B04: Alekhine's Defence: 4 Nf3} 9. b3 $146 ({Predecessor:} 9. Be3 dxe5 10. Nxe5 N8d7 11. Nf3 c6 12. Qd2 Nf6 13. h3 Ne4 14. Nxe4 Bxe4 15. b3 Nd7 16. Rfd1 Qc7 17. Bf4 Bd6 18. Bxd6 Qxd6 {1-0 (37) Seils,J (2365)-Hetey,L (2322) Rostock 2005}) 9... dxe5 10. Nxe5 N8d7 11. Nf3 Bf6 12. Be3 Nc8 13. Rc1 Ne7 14. Ne1 Bg6 15. g4 {[#] Strongly threatening g5.} h6 16. f4 c5 17. dxc5 Qc8 18. Na4 Rd8 19. Bd3 b6 {[#]} (19... Nb8 $14) 20. cxb6 (20. g5 $1 $16 {[%cal Rg5f6]} hxg5 21. fxg5) 20... Nxb6 $11 21. Nxb6 axb6 22. Qe2 Bd4 23. Bxd4 Rxd4 24. Bxg6 Nxg6 25. Ng2 $1 Qc5 {White must now prevent ...Rd2+.} 26. Kh1 Qc6 {next ...Nxf4 is good for Black.The position is equal.} 27. Kg1 Qc5 {aiming for ...Rd2+.} 28. Kh1 Rad8 29. Rcd1 Rxd1 30. Rxd1 Rxd1+ 31. Qxd1 Qf2 32. h4 e5 33. Qd8+ Kh7 34. Qd3 {Threatens to win with h5.} exf4 35. h5 f3 {[%csl Gf3][%cal Rf2g2]} 36. hxg6+ fxg6 {[%csl Gf3][%cal Rf2g2]} 37. Ne3 Qg3 38. Qf1 Qh4+ 39. Kg1 Qg3+ {Precision: White = 71%, Black = 63%.} 1/2-1/2

[Event "Prague Festival Challengers 2019"]
[Site "Prague"]
[Date "2019.03.13"]
[Round "8"]
[White "Praggnanandhaa, R."]
[Black "Michalik, Peter"]
[Result "0-1"]
[WhiteElo "2532"]
[BlackElo "2565"]
[Annotator "TA"]
[PlyCount "144"]
[EventDate "2019.03.06"]
[EventType "tourn"]
[EventCountry "CZE"]
[SourceTitle "playchess.com"]
[Source "ChessBase"]
[SourceQuality "1"]

{[%evp 15,144,12,2,0,4,0,32,10,2,6,43,39,51,42,58,70,90,32,38,32,45,5,54,47,52,50,69,54,58,54,62,53,56,50,72,45,57,63,53,47,62,36,68,0,1,0,0,0,-11,-4,-1,-8,-8,-12,-8,-8,-6,-1,0,-22,-20,-83,-60,-60,-51,-101,-101,-165,-159,-178,-178,-178,-178,-199,-172,-207,-226,-226,-226,-300,-296,-288,-295,-449,-375,-376,-373,-547,-550,-512,-511,-396,-12,-308,-308,-297,-182,-181,-180,-175,-179,-271,-248,-273,-273,-266,-253,-312,-222,-222,-219,-272,-265,-29972,-29973,-29974,-29975,-29975,-29976,-29969,-29970,-29997,-29993,-29993,-29994,-29994,-29978,-29993,-29984,-29997,-29997]} 1. Nf3 d5 2. g3 g6 3. Bg2 Bg7 4. d4 Nf6 5. O-O O-O 6. c4 c6 7. Qb3 Qb6 8. Nc3 Rd8 9. Rd1 {D78: Fianchetto Grünfeld: 6 0-0 c6} (9. Bd2 dxc4 10. Qxc4 Be6 11. Qa4 Bf5 12. Rfe1 Ne4 13. Nxe4 Bxe4 14. Ba5 Qa6 15. Qa3 Re8 16. Bf1 c5 17. dxc5 Bxb2 {½-½ (17) Ding,L (2813)-Nepomniachtchi,I (2763) Wijk aan Zee 2019}) 9... Bf5 10. Ne1 Na6 11. Qxb6 {White is slightly better.} axb6 12. Na4 b5 13. cxb5 cxb5 14. Nb6 Ra7 15. Bf4 Nb4 {[#]} 16. a3 $146 ({Better is} 16. Bc7 $16 Re8 17. e3) ({Predecessor:} 16. Bc7 Re8 {½-½ (38) Yilmaz,M (2543)-Gagunashvili,M (2578) Konya 2012}) 16... Nc6 $14 17. e3 e6 18. f3 Ne8 19. g4 {[%mdl 64] Trapped Piece} Ra6 20. gxf5 gxf5 21. Nxd5 $1 Rxd5 22. Bg3 Rd8 23. Bf1 Rb6 24. Nd3 Na5 25. Bf2 Nc4 26. b3 Na5 27. Rab1 Nf6 28. Rdc1 Bh6 29. Rc5 (29. f4 $14) 29... Nc6 $11 30. Ne5 Nd5 31. Re1 ({Avoid the trap} 31. Rxb5 $2 Rxb5 32. Bxb5 Nxe5 $19) ({But not} 31. Bxb5 $2 Nxe5 32. dxe5 Rxb5 $1 $19 {[%mdl 512]}) 31... Nxe5 32. dxe5 Bf8 33. Rc2 Rc6 34. Rxc6 bxc6 35. a4 Bb4 $36 {[%mdl 2048] White is under pressure.} 36. Rc1 Nc3 37. axb5 cxb5 38. Ra1 (38. h3 $11) 38... Bc5 39. b4 Bxb4 {Strongly threatening ...Bc5.} 40. Be1 Nd5 41. Bxb5 (41. Bxb4 $17 Nxb4 42. Bxb5) 41... Bc5 $1 $19 42. Bh4 Rb8 43. Bc6 Nb4 44. Bd7 Nc2 45. Ra5 Bxe3+ 46. Kg2 Nd4 47. Bf6 h6 48. Ra2 Kh7 {Hoping for ...Rg8+.} 49. h4 (49. Kh3 $142) 49... h5 50. Kh3 Nxf3 51. Ra3 (51. Bc6 $142 Nd4 52. Ba8) 51... Ng1+ 52. Kg2 Rb2+ 53. Kf1 Rb1+ 54. Kg2 f4 $1 {( -> ...Rb2+)} 55. Bc6 {aiming for Be4+.} f3+ 56. Bxf3 Rb2+ 57. Kg3 Nxf3 58. Kxf3 {[%mdl 4096] Endgame KRB-KRB} (58. Rxe3 $142 Nd4 59. Ra3) 58... Bh6 $1 59. Ra7 Kg6 60. Ra8 {[#]} Kf5 $1 61. Rh8 Rb3+ 62. Ke2 Bf4 63. Rxh5+ Ke4 {...Rb2+ is the strong threat.} 64. Rh7 $2 (64. Rh8 $19) 64... Rb2+ {Black mates.} 65. Kd1 Kd3 {[%cal Rb2b1]} 66. Ke1 {[#]} Be3 $1 {[%cal Rb2b1]} 67. Kf1 Rf2+ 68. Ke1 Rf5 69. Bg5 Bd4 70. Bd2 Rxe5+ 71. Kd1 Re2 72. Bg5 Rh2 {Accuracy: White = 54%, Black = 79%.} 0-1

[Event "Prague Festival Challengers 2019"]
[Site "Prague"]
[Date "2019.03.14"]
[Round "9"]
[White "Anton Guijarro, David"]
[Black "R Praggnanandhaa"]
[Result "1/2-1/2"]
[WhiteElo "2643"]
[BlackElo "2532"]
[Annotator "TA"]
[PlyCount "117"]
[EventDate "2019.03.06"]
[EventType "tourn"]
[EventCountry "CZE"]
[SourceTitle "playchess.com"]
[Source "ChessBase"]
[SourceQuality "1"]

{[%evp 9,117,3,14,14,3,0,0,0,0,6,0,-4,-6,0,-6,0,90,51,82,85,97,86,81,70,154,112,112,87,241,224,216,213,219,226,186,195,254,208,246,171,178,143,153,150,145,145,145,147,152,144,175,169,178,161,157,164,179,181,174,166,241,240,238,228,227,225,346,243,274,281,298,254,312,243,251,235,232,222,246,222,211,80,106,108,108,95,118,100,115,76,86,66,76,0,86,66,57,37,39,22,22,11,13,14,25,11,13,18,31,16]} 1. c4 e5 2. Nc3 Bb4 3. Nd5 a5 4. Nf3 d6 5. a3 Bc5 6. e3 {A21: English Opening: 1...e5 2 Nc3} Nf6 7. d4 Nxd5 $1 8. cxd5 {The position is equal.} exd4 9. exd4 Bb6 10. Bg5 f6 11. Be3 $36 {[%mdl 2048] White has the initiative.} O-O 12. Bd3 $146 c6 (12... f5 $11 {keeps the balance.}) 13. Qc2 $16 f5 14. O-O h6 15. Rfe1 Kh8 16. dxc6 bxc6 (16... Nxc6 $14 17. d5 Bxe3 18. Rxe3 Ne7) 17. d5 {Black must now prevent Bxb6.} Bxe3 18. Rxe3 ({Much worse is} 18. fxe3 $6 cxd5 19. Nd4 Bd7 $14) 18... c5 $2 (18... f4 $16 19. Re2 cxd5) 19. Rae1 $18 Ra7 20. Bb5 {Hoping for Re8.} Qf6 21. Re8 Raf7 22. Qd2 f4 (22... Kh7 $142 23. Qxa5 Bd7) 23. Qxa5 Bg4 24. Qc3 {aiming for R1e6.} Nd7 25. Bxd7 Bxd7 26. Rxf8+ Rxf8 27. Qxf6 Rxf6 {[%mdl 4096] Endgame [#] KRB-KRN} 28. Nd2 $1 Rf5 29. Nc4 Ba4 30. Nb6 Bb3 31. f3 Bxd5 32. Rd1 Bb3 33. Rxd6 Re5 34. Kf2 c4 (34... Kh7 {keeps fighting.} 35. Rd8 g5) 35. Nd5 Rf5 36. Rd8+ Kh7 37. Nc3 Rh5 (37... Ra5 {was called for.} 38. Rd7 Kg8) 38. h3 Re5 39. Rd5 Re8 40. h4 Rb8 41. Ke1 Bc2 42. Rd2 Bf5 43. h5 g6 44. hxg6+ Kxg6 45. Kd1 (45. a4 $18) 45... Bd3 $16 46. Nd5 Kg5 {[#]} 47. Ke1 $1 Rb3 48. Nc3 h5 49. Kf2 Kf5 50. Na2 Bb1 51. Nc3 Bd3 52. Ne2 Rb7 53. Nc1 {Strongly threatening b4.} Bb1 54. Kg1 Ke5 55. Kf1 Bf5 56. Na2 Rb3 $1 57. Kf2 Bb1 58. Nc1 Rb7 59. Ne2 {Accuracy: White = 67%, Black = 56%.} 1/2-1/2

[Event "Prague Festival Challengers 2019"]
[Site "Prague"]
[Date "2019.03.14"]
[Round "9"]
[White "Jan Krejci"]
[Black "Wenjun Ju"]
[Result "1/2-1/2"]
[WhiteElo "2570"]
[BlackElo "2580"]
[Annotator "TA"]
[PlyCount "134"]
[EventDate "2019.03.06"]
[EventType "tourn"]
[EventCountry "CZE"]
[SourceTitle "playchess.com"]
[Source "ChessBase"]
[SourceQuality "1"]

{[%evp 20,134,20,16,24,24,34,39,43,39,39,35,92,92,89,95,92,93,105,99,103,89,92,76,78,75,96,110,100,84,124,124,124,124,139,125,139,124,124,124,146,125,125,0,141,139,139,124,124,124,124,124,124,124,125,124,124,124,124,124,124,124,124,124,124,124,124,105,124,124,124,93,93,74,124,74,74,74,74,74,74,74,74,74,74,45,45,45,45,45,45,45,45,45,52,52,52,52,52,52,52,52,52,52,52,52,52,13,52,52,52,52,52,52,52,52,52]} 1. d4 Nf6 2. c4 e6 3. Nf3 d5 4. Nc3 Bb4 5. Bg5 h6 6. Bxf6 Qxf6 7. e3 O-O 8. Rc1 dxc4 9. Bxc4 c5 10. O-O cxd4 11. Nxd4 Qe7 {D38: Queen's Gambit Declined: Ragozin Defence (4 Nf3 Bb4)} (11... Bd7 12. Qb3 Nc6 13. Nxc6 Bxc3 14. Rxc3 Bxc6 15. Bb5 Bd5 16. Bc4 Bc6 17. Bb5 {½-½ (17) Matlakov,M (2709)-Dubov,D (2694) Moscow 2018}) 12. Qb3 Ba5 13. Rfd1 {[#]} Rd8 $146 ({Predecessor:} 13... a6 14. Be2 b5 15. Bf3 Ra7 16. a3 Bb7 17. Bxb7 Rxb7 18. Ne4 Rd8 19. Nf3 Rxd1+ 20. Qxd1 {½-½ (31) Socko,M (2445)-Khotenashvili,B (2504) Beijing 2012}) 14. Be2 Nd7 15. Ne4 Ne5 (15... Nf8 $14) 16. Rc5 $16 Bc7 17. Qc2 $36 {[%mdl 2048] Black is under strong pressure.} Nc6 18. Nxc6 bxc6 19. Rxc6 Bb6 20. Rxd8+ Qxd8 21. Bf3 Bb7 22. Rc3 Bxe4 23. Bxe4 Rb8 24. g3 Qf6 25. b4 g6 26. a4 Kg7 27. Kg2 h5 28. h4 Bd8 29. Rc4 Qe5 30. Rd4 Bb6 31. Rc4 Bd8 $1 32. Bf3 a6 33. Bc6 Be7 34. b5 axb5 35. axb5 Bd8 36. Re4 Qd6 37. Rd4 Qe5 38. Rd7 Bb6 39. Qd2 Kg8 40. Qd3 Qf6 41. Qe4 Kg7 42. Qb4 Qe5 43. Qa3 Bc5 44. Qd3 Bb6 45. Be4 {[#] Black must now prevent Bxg6.} Qf6 46. Qc2 Ba5 47. Bc6 Rd8 48. Rxd8 Qxd8 49. Qe4 Bb6 50. Qe5+ Qf6 51. Qb8 Qd8 52. Qxd8 (52. Qf4 {is interesting.} Kg8 53. Bf3 Qc7 54. Qa4 Qd6 55. Qa8+) 52... Bxd8 {[%mdl 4096] Endgame KB-KB} 53. Kf3 Kf6 54. Ke4 Bb6 55. f3 Ke7 56. Kd3 f5 57. Ke2 Bc7 58. Kf2 Bb6 59. Bb7 Bc5 60. Bc8 Bb6 61. Ke2 Bc7 62. f4 Bb6 63. Kd3 Bc5 64. Bb7 {White is slightly better.} Bb6 65. Bf3 Bc5 66. Bd1 Bb6 67. Bb3 Bc5 {Accuracy: White = 66%, Black = 68%.} 1/2-1/2